New contaminated land regime (Record no. 63679)

MARC details
000 -LEADER
fixed length control field 00905cam a2200229 4500
001 - CONTROL NUMBER
control field ABS62322
008 - FIXED-LENGTH DATA ELEMENTS--GENERAL INFORMATION
fixed length control field 000000n2000 000 0 eng u
035 ## - SYSTEM CONTROL NUMBER
System control number (Sirsi) u106330
100 ## - MAIN ENTRY--PERSONAL NAME
Personal name Kimblin, R.
245 ## - TITLE STATEMENT
Title New contaminated land regime
260 ## - PUBLICATION, DISTRIBUTION, ETC.
Date of publication, distribution, etc. 2000
490 ## - SERIES STATEMENT
Series statement Solicitors' Journal
Volume/sequential designation 144(19) 19 May 2000, 462-464(3)
520 ## - SUMMARY, ETC.
Summary, etc. Highlights key aspects of the new contaminated land regime, which came into force on 1 April 2000. Offers a practitioner's guide to the meaning of the term 'contaminated land', how liability is determined and where responsibility lies for the enforcement of regulations.
590 ## - LOCAL NOTE (RLIN)
Local note ABS
650 ## - SUBJECT ADDED ENTRY--TOPICAL TERM
Topical term or geographic name entry element CONTAMINATED LAND
650 ## - SUBJECT ADDED ENTRY--TOPICAL TERM
Topical term or geographic name entry element POLLUTED LAND
650 ## - SUBJECT ADDED ENTRY--TOPICAL TERM
Topical term or geographic name entry element CONTAMINATED LAND REGIME
650 ## - SUBJECT ADDED ENTRY--TOPICAL TERM
Topical term or geographic name entry element ENVIRONMENT ACT 1990 PART IIA
650 ## - SUBJECT ADDED ENTRY--TOPICAL TERM
Topical term or geographic name entry element CONTAMINATED LAND (ENGLAND) REGULATIONS 2000
690 ## - LOCAL SUBJECT ADDED ENTRY--TOPICAL TERM (OCLC, RLIN)
Topical term or geographic name as entry element ENVIRONMENT-CONTAMINATION
942 ## - ADDED ENTRY ELEMENTS (KOHA)
Suppress in OPAC 0
Holdings
Withdrawn status Lost status Source of classification or shelving scheme Damaged status Not for loan Home library Current library Shelving location Date acquired Total Checkouts Full call number Barcode Date last seen Copy number Price effective from Koha item type
    Dewey Decimal Classification     London London Journal article 07/06/2000   ABS62322 106330-1001 06/08/2019 1 06/08/2019 Journal article